Library Banner

China business: (Record no. 18115)

MARC details
000 -LEADER
fixed length control field 00485nam a2200169Ia 4500
001 - CONTROL NUMBER
control field 17706
008 - FIXED-LENGTH DATA ELEMENTS--GENERAL INFORMATION
fixed length control field 140405s9999 xx 000 0 und d
020 ## - INTERNATIONAL STANDARD BOOK NUMBER
International Standard Book Number 0-9631864-3-4
040 ## - CATALOGING SOURCE
Transcribing agency PK-LaUMT
082 ## - DEWEY DECIMAL CLASSIFICATION NUMBER
Classification number R 330.95
Item number GEN-C
100 ## - MAIN ENTRY--PERSONAL NAME
Personal name Christine A Genzberger
245 ## - TITLE STATEMENT
Title China business:
Remainder of title The portable encyclopedia for doing business with China.
Statement of responsibility, etc Christine A Genzberger
260 ## - PUBLICATION, DISTRIBUTION, ETC. (IMPRINT)
Place of publication, distribution, etc San Rafael,USA:
Name of publisher, distributor, etc World trade Press,
Date of publication, distribution, etc 1994
300 ## - PHYSICAL DESCRIPTION
Extent 418 p.
546 ## - LANGUAGE NOTE
Language note EN
942 ## - ADDED ENTRY ELEMENTS (KOHA)
Koha item type Books
Holdings
Withdrawn status Lost status Damaged status Not for loan Home library Current library Date acquired Total Checkouts Full call number Barcode Date last seen Price effective from Koha item type
        UMT Main Campus UMT Main Campus 2014-04-05   R 330.95 GEN-C 20734 2014-04-22 2014-04-22 Books